| 000 | 00451nam a2200193Ia 4500 | ||
|---|---|---|---|
| 005 | 20240823040735.0 | ||
| 008 | 240823s9999||||xx |||||||||||||| ||und|| | ||
| 020 | _a978-0-19-806879-2 | ||
| 041 | _aENGLISH | ||
| 082 | _A808.1 Q0 | ||
| 100 | _a"Lennard,John" | ||
| 245 | 4 | _aThe Poetry Handbook | |
| 250 | _a2nd | ||
| 260 |
_c2010 _bOxford University |
||
| 500 | _aYES | ||
| 650 |
_aPoetry and Prose _bEnglish |
||
| 942 | _cBK | ||
| 999 |
_c203835 _d203835 |
||